00353nam a22001457a 4500003000400000008004100004020001800045082001800063100001500081245004900096250001200145260002500157300000800182650001700190OSt230102b ||||| |||| 00| 0 eng d a9788120343443 a658.31245 MCT aMCGRATH,EH aTraining for Life and Leadership in Industry aEd. 4th aNew DelhibPHIc2015 a432 aGeneral Book